000 01020nas a2200337 4500
001 BR2015002573
003 BR-BrBNA
005 20231205125335.0
007 ta
008 230509b bl.|||p| |||| 00| 00por d
040 _aBR-BrBNA
_bpor
_cBiblioteca Nacional de Agricultura
041 _a(Pt)
072 _aF03
100 1 _aFlores, A.V.
100 1 _aBorges, E.E. de L, e
100 1 _aGuimarães, V.M.
100 1 _aGonçalves, J.F. de C.
100 1 _aAtaíde, G. da M.
100 1 _aBarros, D. de P.
245 1 _aAtividade enzimática durante a germinação de sementes de Melanoxylon brauna Schott sob diferentes temperaturas
650 _aBRAUNA PRETA
650 _aMENOXYLON BRAUNA
650 _aÁRVORE ANGIOSPERMA
650 _aSEMENTE
650 _aGERMINAÇÃO
650 _aATIVIDADE ENZÍMICA
650 _aTEMPERATURA
773 0 _tCerne (Brazil)
_xISSN 0104-7760
_g(2014), v. 20(3) p. 401-408
_wBR2015002573
909 _a202311
_bLúcia
_c55
_dLúcia Elande
942 _2AGRIS
_n0
_cANA
999 _c243873
_d243873